000 00438nam a2200145 a 4500
001 000030958
005 20200930062620.0
008 110608s1973 dr 000 0 spa d
040 _aDO-SdBNP
_bspa
_cBNPHU
082 _axxx
_bR457
100 1 _aReyes Vásquez, Radhames,
_d1952-
_957472
245 1 3 _aLa muerte en el combate /
_cRadhames Reyes Vásquez.
260 _aSanto Domingo :
_bCultura Dominicana,
_c1973.
300 _a23 p. ;
_c23 cm.
999 _c30450
_d30450